| 000 | 00487nam a2200157 i 4500 | ||
|---|---|---|---|
| 001 | 79556 | ||
| 003 | ES-MaACL | ||
| 005 | 20230906174014.0 | ||
| 007 | t| | ||
| 008 | 041022s1957 sp ||||1| spa d | ||
| 100 | 1 |
_aHerce y Valls, Fernando. _962675 |
|
| 245 | 1 | 0 |
_aSemblanzas del banquillo _b: [Crónicas de Audiencia Pública] / _cpor Fernando Herce y Valls. |
| 260 |
_aMadrid : _bHerce, _c1957 ( _fGráf. Unión) |
||
| 300 |
_a255 p. ; _c20 cm. |
||
| 852 |
_aES-MaACL _jC-17261 _bR.44023 |
||
| 999 |
_c79556 _d79556 |
||